Normal view
MARC view
- Robleda Moguel, Margarita,
Entry Nombre Personal
001 - NUMERO DE CONTROL
- campo de control: 36729
003 - IDENTIFICADOR DE NUMERO DE CONTROL
- campo de control: UPN
005 - FECHA Y HORA DE LA ÜLTIMA TRANSACCIÓN
- campo de control: 20210219194517.0
008 - DATOS DE LONGITUD FIJA
- campo de control de longitud fija: nabaccnnaabn|||||||||| b |nc|||||d
035 ## - NUMERO DE CONTROL
- Número de control: UPN11000008836
040 ## - FUENTE DE CATALOGACIÓN
- Lenguaje de catalogación: SPA
- Agencia de transcripción: UPN
100 1# - ENCABEZAMIENTO - NOMBRE PERSONAL
- Nombre personal: Robleda Moguel, Margarita,
- Fechas asociadas con el nombre: 1950-
670 ## - FUENTE EN LA QUE SE LOCALIZARON DATOS
- Cita de la fuente: LC
680 ## - NOTA PUBLICA DE ACCESO PÚBLICO
- Frase explicativa de la referencia: Nació en Mérida Yucatán. Escritora, compositora, cantante, conferencista, tallerista, fotógrafa, editora y poeta. Es Doctora en cosquillas verbales y besos de rana, como ella misma lo dice y se encuentra haciendo una maestría en la pepena: pepena ideas, adivinanzas, suspiros y sueños.
902 ## - CATALOGADOR
- Catalogador: MITM/200315
